Giáo trình tư tưởng Hồ Chí Minh : Dành cho bậc đại học - không chuyên ngành Lý luận Chính trị

Những giải đáp thắc mắc về khái niệm và hệ thống tư tưởng Hồ Chí Minh; tư tưởng Hồ Chí Minh về nhiều lĩnh vực khác nhau; các quan điểm có tính phương pháp luận trong vận dụng, phát triển tư tưởng Hồ Chí Minh trong công cuộc đổi mớ...

Cijeli opis

Spremljeno u:
Bibliografski detalji
Glavni autor: Mạch, Quang Thắng
Format: Knjiga
Jezik:Undetermined
Izdano: Hà Nội 2019
Teme:
Oznake: Dodaj oznaku
Bez oznaka, Budi prvi tko označuje ovaj zapis!
Thư viện lưu trữ: Trung tâm Học liệu Trường Đại học Cần Thơ
LEADER 01028nam a2200193Ia 4500
001 CTU_238391
008 210402s9999 xx 000 0 und d
082 |a 335.4346 
082 |b Th116 
100 |a Mạch, Quang Thắng 
245 0 |a Giáo trình tư tưởng Hồ Chí Minh : 
245 0 |b Dành cho bậc đại học - không chuyên ngành Lý luận Chính trị 
245 0 |c Mạch Quang Thắng (Chủ biên) 
260 |a Hà Nội 
260 |c 2019 
520 |a Những giải đáp thắc mắc về khái niệm và hệ thống tư tưởng Hồ Chí Minh; tư tưởng Hồ Chí Minh về nhiều lĩnh vực khác nhau; các quan điểm có tính phương pháp luận trong vận dụng, phát triển tư tưởng Hồ Chí Minh trong công cuộc đổi mới. 
650 |a Ho Chi Minh,Tư tưởng Hồ Chí Minh 
650 |x Biography 
980 |a Trung tâm Học liệu Trường Đại học Cần Thơ